000 00790nam a2200205 a 4500
003 0
005 20250421084353.0
008 970101s19uu xx 00 eng d
050 _aPGS HQ 755.86
_b.Al317 2004
100 _aAlajar, Lorenzo Martin M.
245 _aThe effects of having working parents on their children /
_cLorenzo Martin M. Alajar.
260 _aLas PiƱas City, Philippines :
_bSouthville International School and Colleges,
_c2004.
300 _a26 pages :
_bcolored illustrations ;
_c28 cm.
504 _aIncludes bibliographic references.
650 _aWorking parents
_vPsychological aspects.
650 _aParental employment
_vSocial aspects.
650 _aChild development
_vFamily relationships.
650 _aChildren of working parents.
942 _2lcc
_cPASS
999 _c96948
_d96948